000 00580nam a2200193Ia 4500
003 IN-BaIIA
008 211028s9999 xx 000 0 eng d
020 _a81-7371-229-8
040 _cIIA Library
080 _a523.947:520.86
_bCRU
100 _aCrump, Thomas
_923179
245 0 _aSolar eclipse
_bthe path of darkness: apocalypse or portent?
_cThomas Crump
260 _aHyderabad
_bUniversities Press
_c1999
300 _a256p.
650 _aEclipse
_9758
650 _aSolar eclipse
_91412
650 _aSun
_91200
942 _cBK
999 _c13158
_d13158